Energetika kolejové dopravy studijní opora /

Hlavní autor: Doleček, Radovan, 1971-
Korporativní autor: Univerzita Pardubice. Dopravní fakulta Jana Pernera
Jazyk: Čeština
Vydáno: Pardubice : Univerzita Pardubice, 2013
Vydání: Vyd. 1.
Témata:
Externí odkaz: Digitalizovaný dokument
Fyzický popis: 1 CD-ROM
Knihy
Uloženo v:
LEADER 01484nam a2200397 a 4500
001 001298659
003 CZ BrMZK
005 20140519140349.0
006 m||||||||d||||||||
007 co^cg
008 130604s2013 xr e p 00| 0 cze
015 |a cnb002463469 
020 |a 978-80-7395-634-9  |q (CDR) 
040 |a BOA001  |b cze 
072 7 |a 37.016  |x Učební osnovy. Vyučovací předměty. Učebnice  |2 Konspekt  |9 22 
080 |a 620.9  |2 MRF 
080 |a 656.2/.4  |2 MRF 
080 |a (075.8)  |2 MRF 
080 |a (0.034.44)  |2 MRF 
100 1 |a Doleček, Radovan,  |d 1971-  |7 mzk2009491779  |4 aut 
245 1 0 |a Energetika kolejové dopravy  |h [elektronický zdroj] :  |b studijní opora /  |c Radovan Doleček 
250 |a Vyd. 1. 
260 |a Pardubice :  |b Univerzita Pardubice,  |c 2013 
300 |a 1 CD-ROM 
500 |a Název z titulní obrazovky; označení vyd. z tiráže 
500 |a Nad názvem: Univerzita Pardubice, Dopravní fakulta Jana Pernera 
538 |a Požadavky na systém: Adobe Acrobat Reader 
650 0 7 |a energetika  |7 ph114471  |2 czenas 
650 0 7 |a kolejová doprava  |7 ph114946  |2 czenas 
655 7 |a učebnice vysokých škol  |7 fd133772  |2 czenas 
655 7 |a CD-ROM  |7 fd133955  |2 czenas 
710 2 |a Univerzita Pardubice.  |b Dopravní fakulta Jana Pernera  |7 kn20010709380 
856 4 1 |u http://www.digitalniknihovna.cz/mzk/uuid/uuid:a272f886-5ed1-4409-b505-9c204e1f681d  |y Digitalizovaný dokument 
910 |a BOA001  |b CDR-1306.536 
990 |a BK 
991 |b 201306  |e n